Zdroje financovania majetku podniku a ich vplyv na výsledok hospodárenia diplomová práca

Gespeichert in:
Bibliographische Detailangaben
1. Verfasser: Kopčáková, Janka, 1994-
Körperschaft: Podnikovohospodárska fakulta EU so sídlom v Košiciach. Katedra finančného riadenia podniku
Weitere Verfasser: Manová, Eva, 1957-
Format: Buch
Sprache:Slowakisch
Veröffentlicht: Košice 2018
Tags: Tag hinzufügen
Keine Tags, Fügen Sie das erste Tag hinzu!

MARC

LEADER 00000nbm a2200000 4500
001 0244072
005 20181019145858.6
041 0 |a slo 
044 |a SK 
245 1 0 |a Zdroje financovania majetku podniku a ich vplyv na výsledok hospodárenia  |b diplomová práca  |c Janka Kopčáková ; školiteľ: Eva Manová 
264 1 |a Košice  |c 2018 
300 |a 83 s. 
100 1 |a Kopčáková, Janka, 1994- 
700 1 |a Manová, Eva, 1957- 
710 2 |a Podnikovohospodárska fakulta EU so sídlom v Košiciach. Katedra finančného riadenia podniku